[Event "2nd International Chess Festiv"]
[Site "Paracin"]
[Date "2009.08.20"]
[Round "3.1"]
[White "Mrkonjic, Nenad"]
[Black "Kasparov, Sergey"]
[Result "1/2-1/2"]
[WhiteElo "2370"]
[BlackElo "2487"]
[PlyCount "56"]
[EventDate "2009.??.??"]

1. e4 c6 2. d4 d5 3. Nc3 dxe4 4. Nxe4 Bf5 5. Ng3 Bg6 6. Nf3 Nd7 7. Bd3 e6 8.
O-O Ngf6 9. Re1 Bb4 10. c3 Be7 11. Bg5 Bxd3 12. Qxd3 h6 13. Bxf6 Bxf6 14. Nh5
O-O 15. Nxf6+ Qxf6 16. Ne5 Rad8 17. Nxd7 Rxd7 18. Qe4 Rd5 19. Re2 Rfd8 20. Rae1
g6 21. g3 Kg7 22. h4 R8d7 23. Kg2 b6 24. Re3 Qf5 25. Qxf5 Rxf5 26. Re5 Rxe5 27.
Rxe5 Kf6 28. Re4 Rd5 1/2-1/2

[Event "2nd International Chess Festiv"]
[Site "Paracin"]
[Date "2009.08.20"]
[Round "3.2"]
[White "Milenkovic, Mladen"]
[Black "Abramovic, Bosko"]
[Result "1/2-1/2"]
[WhiteElo "2336"]
[BlackElo "2465"]
[PlyCount "107"]
[EventDate "2009.??.??"]

1. e4 e5 2. Nc3 Nf6 3. f4 d5 4. fxe5 Nxe4 5. Nf3 Be7 6. d3 Nxc3 7. bxc3 c5 8.
d4 Nc6 9. Be2 O-O 10. O-O Bg4 11. Rb1 Qd7 12. h3 Bh5 13. Be3 cxd4 14. cxd4 Rac8
15. Nh2 Bxe2 16. Qxe2 f6 17. exf6 Bxf6 18. Qd3 b6 19. c3 Na5 20. Ng4 Rc6 21.
Ne5 Bxe5 22. Rxf8+ Kxf8 23. dxe5 Kg8 24. Rd1 Nc4 25. Bf4 Rc5 26. Qf3 Qe6 27.
Bg3 h6 28. Rd4 Na5 29. h4 Nc6 30. Rd2 Ne7 31. Rf2 Rc8 32. h5 Nc6 33. Qf4 Re8
34. Rf1 b5 35. Rd1 a5 36. Qf3 Rd8 37. Qe2 b4 38. cxb4 axb4 39. Rc1 d4 40. Qe4
d3 41. Bf4 Rd5 42. Re1 Rd4 43. Qf3 Ne7 44. Bd2 Nd5 45. Rf1 Qxe5 46. Qf7+ Kh8
47. Bxh6 Rg4 48. Bd2 Ne3 49. Bxe3 Qxe3+ 50. Qf2 Re4 51. Qxe3 Rxe3 52. Rd1 Kh7
53. Rd2 Kh6 54. Kf2 1/2-1/2

[Event "2nd International Chess Festiv"]
[Site "Paracin"]
[Date "2009.08.20"]
[Round "3.3"]
[White "Radosavljevic, Slobodan D"]
[Black "Martinovic, Slobodan"]
[Result "1/2-1/2"]
[WhiteElo "2248"]
[BlackElo "2542"]
[PlyCount "44"]
[EventDate "2009.??.??"]

1. c4 c5 2. Nf3 Nf6 3. g3 b6 4. Bg2 Bb7 5. O-O g6 6. Nc3 Bg7 7. d3 O-O 8. e4 d6
9. h3 Nbd7 10. Bf4 a6 11. a4 h6 12. Qd2 Kh7 13. g4 Ne8 14. Ne1 Nc7 15. Be3 Ne6
16. Ne2 Nd4 17. Qd1 Nxe2+ 18. Qxe2 e5 19. Nc2 a5 20. Na3 Bc6 21. Nb1 Re8 22.
Nc3 Nf8 1/2-1/2

[Event "2nd International Chess Festiv"]
[Site "Paracin"]
[Date "2009.08.20"]
[Round "3.4"]
[White "Kasparova, Tatiana"]
[Black "Ivanov, Jordan"]
[Result "0-1"]
[WhiteElo "2169"]
[BlackElo "2431"]
[PlyCount "66"]
[EventDate "2009.??.??"]

1. e4 c5 2. Nf3 d6 3. Bb5+ Nd7 4. O-O Ngf6 5. Re1 e6 6. c4 Be7 7. d4 cxd4 8.
Qxd4 O-O 9. Nc3 Qc7 10. Ba4 Ne5 11. Nxe5 dxe5 12. Qd3 Rd8 13. Qe2 Bd7 14. Bg5
Bxa4 15. Nxa4 Rd4 16. b3 Rxe4 17. Qb2 Bb4 18. Red1 Rd8 19. Be3 b6 20. Qc2 Rg4
21. Rxd8+ Qxd8 22. Rd1 Qa8 23. g3 h5 24. c5 bxc5 25. Bxc5 Bxc5 26. Nxc5 Rd4 27.
Re1 Qd5 28. Qc3 h4 29. f3 h3 30. a4 a5 31. Kf2 Rd2+ 32. Re2 Ng4+ 33. Ke1 Rd1#
0-1

[Event "2nd International Chess Festiv"]
[Site "Paracin"]
[Date "2009.08.20"]
[Round "3.5"]
[White "Pancevski, Filip"]
[Black "Popovic, Djordje D"]
[Result "1-0"]
[WhiteElo "2422"]
[BlackElo "2308"]
[PlyCount "78"]
[EventDate "2009.??.??"]

1. e4 c5 2. Nf3 d6 3. d4 cxd4 4. Nxd4 Nf6 5. Nc3 a6 6. h3 e6 7. g4 d5 8. exd5
Nxd5 9. Nde2 Bb4 10. Bd2 Nxc3 11. Nxc3 Bd7 12. Bd3 Bc6 13. Rg1 Nd7 14. Qe2 Nc5
15. Rg3 Qc7 16. a3 Nxd3+ 17. Rxd3 Be7 18. O-O-O O-O 19. g5 Rfc8 20. Rd4 Rd8 21.
Bf4 Qa5 22. Rxd8+ Rxd8 23. Rxd8+ Qxd8 24. Qe5 b5 25. h4 Bf3 26. Qe3 Qa8 27. Qd4
Qb7 28. Be5 Bf8 29. b4 Bc6 30. Kb2 Qd7 31. Qf4 Qe7 32. Bd4 Qd6 33. Qe3 Qb8 34.
Ba7 Qb7 35. Bc5 Be7 36. Qe5 Bxc5 37. Qxc5 Bf3 38. a4 bxa4 39. Nxa4 h6 1-0

[Event "2nd International Chess Festiv"]
[Site "Paracin"]
[Date "2009.08.20"]
[Round "3.6"]
[White "Radlovacki, Jovan"]
[Black "Djosic, Slavoljub"]
[Result "1-0"]
[WhiteElo "2380"]
[BlackElo "2258"]
[PlyCount "53"]
[EventDate "2009.??.??"]

1. e4 d6 2. d4 Nf6 3. Nc3 Nbd7 4. g4 e5 5. g5 Ng8 6. Nf3 Ne7 7. Be3 exd4 8.
Nxd4 Ne5 9. Be2 d5 10. f4 N5g6 11. exd5 Nxd5 12. Bb5+ Bd7 13. Nxd5 c6 14. Qe2
cxd5 15. f5 Ne5 16. Bf4 f6 17. gxf6 gxf6 18. O-O-O Bd6 19. Ne6 Qa5 20. Bxe5
Bxb5 21. Qh5+ Ke7 22. Bxf6+ Kd7 23. Qf7+ Kc6 24. Nd4+ Kb6 25. Qxd5 Bf4+ 26. Kb1
Rhf8 27. Be7 1-0

[Event "2nd International Chess Festiv"]
[Site "Paracin"]
[Date "2009.08.20"]
[Round "3.7"]
[White "Simantsev, Mikhail"]
[Black "Rossi, Aldo A"]
[Result "1/2-1/2"]
[WhiteElo "2527"]
[BlackElo "2311"]
[PlyCount "48"]
[EventDate "2009.??.??"]

1. d4 f5 2. c4 Nf6 3. Nc3 d6 4. Nf3 g6 5. g3 Bg7 6. Bg2 O-O 7. O-O Qe8 8. d5 a5
9. Nd4 Na6 10. e4 fxe4 11. Nxe4 Nxe4 12. Bxe4 Bh3 13. Re1 Nc5 14. Bg2 Bxg2 15.
Kxg2 c6 16. f4 cxd5 17. cxd5 Rc8 18. Be3 Bf6 19. Re2 a4 20. Rc1 Qd7 21. Rec2
Rc7 22. Qe2 Bxd4 23. Bxd4 Qf5 24. Qf3 b6 1/2-1/2

[Event "2nd International Chess Festiv"]
[Site "Paracin"]
[Date "2009.08.20"]
[Round "3.8"]
[White "Stanojoski, Zvonko"]
[Black "Bojovic, Dusan"]
[Result "1-0"]
[WhiteElo "2483"]
[BlackElo "2286"]
[PlyCount "39"]
[EventDate "2009.08.19"]

1. c4 c5 2. g3 Nf6 3. Bg2 e6 4. Nf3 Qc7 5. O-O b6 6. Nc3 a6 7. d4 cxd4 8. Qxd4
Nc6 9. Qd1 Bb7 10. Bf4 d6 11. Rc1 Ne5 12. Nxe5 Bxg2 13. Qa4+ b5 14. cxb5 dxe5
15. Nd5 Nxd5 16. Rxc7 Nxc7 17. b6+ Nb5 18. Kxg2 exf4 19. b7 Rb8 20. Qxa6 1-0

[Event "2nd International Chess Festiv"]
[Site "Paracin"]
[Date "2009.08.20"]
[Round "3.9"]
[White "Tosic, Miroslav"]
[Black "Nestorovic, Lazar"]
[Result "1/2-1/2"]
[WhiteElo "2438"]
[BlackElo "2240"]
[PlyCount "88"]
[EventDate "2009.08.19"]

1. d4 Nf6 2. Nf3 e6 3. g3 c5 4. Bg2 cxd4 5. Nxd4 d5 6. c4 e5 7. Nf3 d4 8. O-O
Nc6 9. e3 Be7 10. exd4 exd4 11. Bf4 O-O 12. Ne5 Be6 13. Nxc6 bxc6 14. Bxc6 Rc8
15. Bg2 Bxc4 16. Re1 Bc5 17. Nd2 Bd5 18. Nb3 Bxg2 19. Kxg2 Bb6 20. Rc1 Rxc1 21.
Nxc1 Ba5 22. Re5 Bc7 23. Rc5 Bxf4 24. gxf4 Qd6 25. Nd3 Ne4 26. Re5 Qg6+ 27. Kf1
h6 28. Qc2 Nf6 29. h3 Rd8 30. Qc4 Ne4 31. Ke2 Qg2 32. Qc7 Rf8 33. Qd7 Nf6 34.
Qxd4 Qxh3 35. a4 h5 36. Rg5 Qe6+ 37. Kf1 h4 38. f5 Qc6 39. Kg1 h3 40. Rg3 Re8
41. Kh2 Re4 42. Qd8+ Re8 43. Qd4 Re4 44. Qd8+ Re8 1/2-1/2

[Event "2nd International Chess Festiv"]
[Site "Paracin"]
[Date "2009.08.20"]
[Round "3.10"]
[White "Ravic, Nenad"]
[Black "Zlatanovic, Boroljub"]
[Result "0-1"]
[WhiteElo "2283"]
[BlackElo "2413"]
[PlyCount "64"]
[EventDate "2009.08.19"]

1. e4 g6 2. d4 Bg7 3. Nc3 c6 4. h4 d5 5. e5 h5 6. Bg5 Qb6 7. Qd2 Qxb2 8. Rb1
Qa3 9. Bd3 Nh6 10. Nge2 b6 11. O-O Bf5 12. Rb3 Qa5 13. Qc1 e6 14. Bd2 Bxd3 15.
Ra3 Bxe2 16. Nxe2 Qb5 17. Nc3 Qc4 18. Ra4 Qxf1+ 19. Kxf1 Nf5 20. Bg5 O-O 21.
Ne2 Nd7 22. c4 dxc4 23. Rxc4 c5 24. f4 b5 25. Rc2 cxd4 26. Rc7 Nb6 27. Qa1 Nd5
28. Rc5 d3 29. Nc3 Nde3+ 30. Kf2 Rfc8 31. Rxc8+ Rxc8 32. Kg1 d2 0-1

[Event "2nd International Chess Festiv"]
[Site "Paracin"]
[Date "2009.08.20"]
[Round "3.11"]
[White "Nestorovic, Dejan"]
[Black "Ilic, Slobodan S"]
[Result "1-0"]
[WhiteElo "2405"]
[BlackElo "2215"]
[PlyCount "95"]
[EventDate "2009.08.19"]

1. d4 Nf6 2. c4 e6 3. Nf3 d5 4. Nc3 Be7 5. cxd5 exd5 6. Bg5 c6 7. Qc2 O-O 8. e3
Nbd7 9. Bd3 Re8 10. h3 Nf8 11. Bf4 Be6 12. O-O Rc8 13. a3 a5 14. Na4 N6d7 15.
Qc3 b5 16. Nc5 Nxc5 17. dxc5 Bf6 18. Ne5 Bd7 19. Qc2 a4 20. Nf3 g6 21. e4 dxe4
22. Bxe4 Bxb2 23. Qxb2 Rxe4 24. Be5 Ne6 25. Rad1 Nxc5 26. Qc2 Rc4 27. Qd2 f6
28. Bf4 Qf8 29. Rfe1 Qf7 30. Qd6 Re8 31. Be3 Re6 32. Qb8+ Kg7 33. Qa7 Be8 34.
Bxc5 Qxa7 35. Bxa7 Rxe1+ 36. Rxe1 Kf7 37. Bd4 c5 38. Ba1 b4 39. Nd2 Rc2 40. Ne4
Bc6 41. Nd6+ Kg7 42. axb4 cxb4 43. Re7+ Kf8 44. Bxf6 b3 45. Rf7+ Kg8 46. Rg7+
Kf8 47. Rxh7 Bd5 48. Rd7 1-0

[Event "2nd International Chess Festiv"]
[Site "Paracin"]
[Date "2009.08.20"]
[Round "3.12"]
[White "Dimitrijevic, Radmilo"]
[Black "Kojovic, Dragan"]
[Result "0-1"]
[WhiteElo "2228"]
[BlackElo "2373"]
[PlyCount "40"]
[EventDate "2009.08.19"]

1. e4 e6 2. d4 d5 3. Nc3 Bb4 4. a3 Bxc3+ 5. bxc3 dxe4 6. Qg4 Nf6 7. Qxg7 Rg8 8.
Qh6 Rg6 9. Qd2 Nbd7 10. a4 a5 11. Ne2 Nb6 12. Nf4 Rg8 13. c4 Bd7 14. c5 Nbd5
15. g3 Bc6 16. Bg2 Nxf4 17. Qxf4 Qxd4 18. Rb1 Nd5 19. Qh4 Nc3 20. Be3 Qc4 0-1

[Event "2nd International Chess Festiv"]
[Site "Paracin"]
[Date "2009.08.20"]
[Round "3.13"]
[White "Grujic, Nebojsa"]
[Black "Ristic, Nebojsa B"]
[Result "1/2-1/2"]
[WhiteElo "2214"]
[BlackElo "2364"]
[PlyCount "41"]
[EventDate "2009.08.19"]

1. d4 Nf6 2. c4 e6 3. Nc3 Bb4 4. f3 d5 5. a3 Bxc3+ 6. bxc3 O-O 7. cxd5 exd5 8.
e3 Re8 9. Bd3 b6 10. Ne2 c6 11. O-O Ba6 12. Ng3 Bxd3 13. Qxd3 Qc8 14. e4 Qa6
15. Qe3 Nbd7 16. e5 Nf8 17. Qf4 N6d7 18. Bd2 f6 19. exf6 Nxf6 20. Qg5 Qd3 21.
Rad1 1/2-1/2

[Event "2nd International Chess Festiv"]
[Site "Paracin"]
[Date "2009.08.20"]
[Round "3.14"]
[White "Brankovic, Dejan"]
[Black "Stefanovic, Vladimir"]
[Result "1/2-1/2"]
[WhiteElo "2358"]
[BlackElo "2177"]
[PlyCount "86"]
[EventDate "2009.08.19"]

1. e4 c5 2. Nf3 d6 3. d4 cxd4 4. Nxd4 Nf6 5. Nc3 g6 6. Be3 Bg7 7. f3 O-O 8. Qd2
Nc6 9. Bc4 Bd7 10. O-O-O Rc8 11. Bb3 Ne5 12. Bg5 Nc4 13. Bxc4 Rxc4 14. e5 dxe5
15. Nde2 Rc7 16. Bxf6 Bxf6 17. Nd5 Bf5 18. Nxc7 Qxc7 19. Nc3 Rc8 20. Kb1 b5 21.
Ne4 Bg7 22. g4 Be6 23. Rhe1 h6 24. g5 hxg5 25. Nxg5 Bf5 26. Ne4 b4 27. Re2 a5
28. h4 Qc4 29. Qd3 Qc6 30. Qd5 Qa6 31. Red2 Be6 32. Qd3 Qc6 33. h5 Bf5 34. hxg6
Bxg6 35. Qe3 Qc7 36. Qg5 a4 37. Qg2 b3 38. cxb3 axb3 39. axb3 Ra8 40. Rd5 Bh6
41. Qh3 Qb6 42. R5d3 Bf4 43. Rh1 Ra1+ 1/2-1/2

[Event "2nd International Chess Festiv"]
[Site "Paracin"]
[Date "2009.08.20"]
[Round "3.15"]
[White "Radusinovic, Lazar"]
[Black "Lazic, Dragoljub"]
[Result "0-1"]
[WhiteElo "2185"]
[BlackElo "2317"]
[PlyCount "100"]
[EventDate "2009.08.19"]

1. d4 Nf6 2. Nf3 g6 3. g3 Bg7 4. Bg2 O-O 5. O-O d6 6. a4 a5 7. c4 Nbd7 8. b3 c6
9. Bb2 Qc7 10. Qc2 Re8 11. Nc3 e5 12. e3 exd4 13. Nxd4 Nc5 14. Rad1 Bd7 15. Rd2
Rad8 16. Rfd1 Qb6 17. h3 Bc8 18. Ba3 Bf8 19. Bb2 Bg7 20. Ba3 Na6 21. Qb1 Nb4
22. Bb2 Bf8 23. Re1 Nd7 24. Ne4 f5 25. Nc3 Nc5 26. Kh2 Bg7 27. Qd1 Qc7 28. f4
Re7 29. Ree2 Rde8 30. Ndb5 cxb5 31. Nxb5 Qb8 32. Nxd6 Rf8 33. Bxg7 Rxg7 34. Rd4
Be6 35. e4 fxe4 36. Bxe4 Nc6 37. Rdd2 Rd7 38. Bf3 Rfd8 39. Ne4 Nxe4 40. Bxe4
Rxd2 41. Rxd2 Rxd2+ 42. Qxd2 Qd8 43. Qe1 Kf7 44. Qf2 Qd4 45. Qg2 Bd7 46. Bd5+
Ke7 47. h4 Kd6 48. Qe2 Nd8 49. Bg8 h5 50. c5+ Qxc5 0-1

[Event "2nd International Chess Festiv"]
[Site "Paracin"]
[Date "2009.08.20"]
[Round "3.16"]
[White "Janev, Evgeni"]
[Black "Pantic, Ivica"]
[Result "1-0"]
[WhiteElo "2461"]
[BlackElo "2197"]
[PlyCount "120"]
[EventDate "2009.08.19"]

1. e4 c5 2. Nf3 Nc6 3. Bb5 g6 4. Bxc6 dxc6 5. d3 Bg7 6. h3 Nf6 7. Nc3 Nd7 8.
Be3 e5 9. O-O O-O 10. Nd2 Qe7 11. Nc4 Re8 12. f4 exf4 13. Bxf4 Ne5 14. Nxe5
Bxe5 15. Qf3 Rf8 16. Qg3 Bxf4 17. Qxf4 f6 18. Rae1 Qe5 19. Qxe5 fxe5 20. Nb1
Be6 21. Nd2 Rxf1+ 22. Rxf1 Re8 23. a4 Kg7 24. a5 h6 25. Kh2 Bf7 26. g4 b6 27.
axb6 axb6 28. Ra1 c4 29. dxc4 Rd8 30. Nf3 Bxc4 31. Kg3 Kf6 32. Kf2 g5 33. Ke3
c5 34. Nd2 Bb5 35. Ra7 Rd6 36. Rh7 Kg6 37. Rb7 Kf6 38. b3 Ba6 39. Rh7 Kg6 40.
Rh8 Bb5 41. Nf3 Kg7 42. Rb8 Re6 43. h4 gxh4 44. Nxh4 Kf6 45. Nf5 Be8 46. Nxh6
Kg5 47. Nf5 Bg6 48. Kf3 c4 49. b4 Rc6 50. Rg8 Re6 51. Kg3 Kf6 52. Kh4 Kf7 53.
Rc8 b5 54. Kg5 Bxf5 55. gxf5 Rd6 56. Rc7+ Kf8 57. f6 Rd2 58. Kf5 Rxc2 59. Ke6
Kg8 60. Rc8+ Kh7 1-0

[Event "2nd International Chess Festiv"]
[Site "Paracin"]
[Date "2009.08.20"]
[Round "3.17"]
[White "Nesic, Nebojsa"]
[Black "Maksimovic, Branimir"]
[Result "1/2-1/2"]
[WhiteElo "2127"]
[BlackElo "2421"]
[PlyCount "107"]
[EventDate "2009.08.19"]

1. d4 e6 2. c4 Nf6 3. Nc3 Bb4 4. e3 O-O 5. Bd3 d5 6. Nf3 c5 7. O-O dxc4 8. Bxc4
Nbd7 9. a3 cxd4 10. exd4 Bxc3 11. bxc3 Qc7 12. Qe2 b6 13. Bd2 Bb7 14. Bd3 Rfe8
15. Rfe1 Rad8 16. Ne5 Nxe5 17. Qxe5 Qxe5 18. Rxe5 Rc8 19. a4 Bd5 20. Bb5 Red8
21. f3 Bc4 22. Ree1 a6 23. Bxc4 Rxc4 24. Reb1 Nd5 25. Rb3 Rdc8 26. Raa3 f6 27.
Kf2 e5 28. dxe5 fxe5 29. Be3 R8c6 30. Bd2 Kf7 31. Ke2 e4 32. fxe4 Rxe4+ 33. Kd3
Rg4 34. g3 h5 35. Rb1 h4 36. Rf1+ Ke8 37. Rf3 Rcc4 38. Rf5 Rc5 39. Rf3 Kd7 40.
Ra1 Rcc4 41. gxh4 Rxa4 42. Rxa4 Rxa4 43. Rf7+ Ke6 44. Rxg7 Rxh4 45. c4 Rh3+ 46.
Kc2 Nf6 47. Rg2 Ne4 48. Re2 Kf5 49. Be3 Nc5 50. Bxc5 bxc5 51. Rd2 Ke4 52. Rd5
Rxh2+ 53. Kb3 Rh3+ 54. Kb2 1/2-1/2

[Event "2nd International Chess Festiv"]
[Site "Paracin"]
[Date "2009.08.20"]
[Round "3.19"]
[White "Arandjelovic, Aleksandar Z"]
[Black "Lapcevic, Milos"]
[Result "0-1"]
[WhiteElo "2113"]
[BlackElo "2390"]
[PlyCount "70"]
[EventDate "2009.08.19"]

1. Nf3 Nf6 2. c4 b6 3. Nc3 c5 4. e4 d6 5. Be2 Bb7 6. d3 g6 7. O-O Bg7 8. h3 O-O
9. Be3 h6 10. Qd2 Kh7 11. Rae1 e6 12. Bd1 Nc6 13. a3 a6 14. Qc2 Rc8 15. Bc1 d5
16. cxd5 Nd4 17. Qb1 exd5 18. e5 Nd7 19. Bf4 Ne6 20. Bg3 b5 21. Bh4 Qb6 22. Qa2
Nf4 23. Qb1 Rfe8 24. Bg3 Ne6 25. Qa2 c4 26. Bc2 d4 27. Ne4 Bxe4 28. Rxe4 Ndc5
29. Rh4 cxd3 30. Bb1 b4 31. Qc4 bxa3 32. bxa3 Qb5 33. Qa2 Red8 34. Qd2 Kg8 35.
Ne1 Qxb1 0-1

[Event "2nd International Chess Festiv"]
[Site "Paracin"]
[Date "2009.08.20"]
[Round "3.20"]
[White "Vebel, Goran"]
[Black "Zivkovic, Ivan B"]
[Result "1/2-1/2"]
[WhiteElo "2081"]
[BlackElo "2341"]
[PlyCount "45"]
[EventDate "2009.08.19"]

1. d4 d5 2. c4 c6 3. Nf3 e6 4. Nc3 dxc4 5. e4 b5 6. e5 Bb7 7. Ng5 h6 8. Nge4
Nd7 9. g3 Nb6 10. Bg2 Nd5 11. O-O Qb6 12. Qg4 g6 13. Rd1 Be7 14. a4 a6 15. a5
Qc7 16. Qf3 c5 17. Nxc5 Bxc5 18. dxc5 Qxc5 19. Ne4 Qc7 20. Bf4 Qd7 21. Qe2 Rh7
22. Rd2 Bc6 23. Rad1 1/2-1/2

[Event "2nd International Chess Festiv"]
[Site "Paracin"]
[Date "2009.08.20"]
[Round "3.21"]
[White "Markovic, Marko"]
[Black "Bulatovic, Nikola"]
[Result "1-0"]
[WhiteElo "2312"]
[BlackElo "2111"]
[PlyCount "69"]
[EventDate "2009.08.19"]

1. e4 c5 2. Nc3 a6 3. Nf3 b5 4. d4 Bb7 5. dxc5 e6 6. Be3 b4 7. Na4 Bxe4 8. Nd2
Bc6 9. Nb6 Ra7 10. Ndc4 Nf6 11. Nd6+ Bxd6 12. Qxd6 Rb7 13. Bd3 Qe7 14. Nc8 Qd8
15. Qg3 Kf8 16. Qd6+ Ke8 17. Qg3 Kf8 18. Nd6 Ra7 19. O-O Nd5 20. Bd4 f6 21. f4
Ba8 22. Rae1 Nc6 23. c3 Nxd4 24. cxd4 g6 25. f5 gxf5 26. Bxf5 Rg8 27. Qh3 Rg7
28. Be4 Kg8 29. Qh4 Kh8 30. Rf3 Qg8 31. g3 Rg4 32. Nf7+ Qxf7 33. Qxg4 f5 34.
Bxf5 Nf6 35. Be4 1-0

[Event "2nd International Chess Festiv"]
[Site "Paracin"]
[Date "2009.08.20"]
[Round "3.22"]
[White "Dinic, Dragan"]
[Black "Nestorovic, Irena"]
[Result "1/2-1/2"]
[WhiteElo "2310"]
[BlackElo "2038"]
[PlyCount "39"]
[EventDate "2009.08.19"]

1. e4 e5 2. Nf3 Nc6 3. Bb5 a6 4. Ba4 Nf6 5. d4 exd4 6. O-O Be7 7. e5 Ne4 8. Re1
Nc5 9. Bxc6 dxc6 10. Nxd4 Ne6 11. Nxe6 Bxe6 12. Qe2 Qd4 13. Nd2 O-O-O 14. Qe4
h6 15. Qxd4 Rxd4 16. Nf3 Rd7 17. Be3 Rhd8 18. h3 c5 19. Kh2 c4 20. Ng1 1/2-1/2

[Event "2nd International Chess Festiv"]
[Site "Paracin"]
[Date "2009.08.20"]
[Round "3.23"]
[White "Popovic, Aleksandar M"]
[Black "Trpkovic, Miroljub"]
[Result "1-0"]
[WhiteElo "2300"]
[BlackElo "2029"]
[PlyCount "110"]
[EventDate "2009.08.19"]

1. e4 c5 2. Nf3 Nc6 3. d4 cxd4 4. Nxd4 a6 5. Nc3 e6 6. Be2 Nf6 7. O-O Be7 8.
Kh1 d6 9. f4 Qc7 10. Bf3 Bd7 11. Be3 Nxd4 12. Qxd4 Bc6 13. Rad1 O-O 14. e5 Bxf3
15. Rxf3 dxe5 16. Qxe5 Qc6 17. Bd4 Kh8 18. Rdd3 Ne8 19. Rh3 f5 20. Qe2 Nf6 21.
Rhe3 Rae8 22. Rxe6 Bd6 23. Bxf6 Rxe6 24. Bxg7+ Kxg7 25. Qxe6 Rf6 26. Rg3+ Rg6
27. Qxf5 Qc4 28. Rd3 Qc6 29. Rf3 Bc5 30. Qe5+ Kf8 31. Qh8+ Rg8 32. Qxh7 Qe6 33.
Qe4 Qg4 34. Rg3 Qc8 35. Rxg8+ Kxg8 36. Qc4+ Kg7 37. Ne4 b6 38. Qe2 Kg8 39. Nxc5
bxc5 40. h3 Qf5 41. Kh2 Kf8 42. Qd2 Ke7 43. b3 Qe4 44. Kg3 Qg6+ 45. Kf2 Qe6 46.
Qe3 Kd7 47. Qe5 Qb6 48. c4 Qb4 49. Qe1 Qb8 50. Qd2+ Kc6 51. Kf3 Qh8 52. Qd5+
Kb6 53. Qd6+ Kb7 54. Qxc5 Qa1 55. Qd5+ Kc7 1-0

[Event "2nd International Chess Festiv"]
[Site "Paracin"]
[Date "2009.08.20"]
[Round "3.24"]
[White "Helin, Mikael"]
[Black "Milosevic, Aleksandar"]
[Result "0-1"]
[WhiteElo "1973"]
[BlackElo "2280"]
[PlyCount "114"]
[EventDate "2009.08.19"]

1. e4 c5 2. Nc3 a6 3. g3 b5 4. Bg2 Bb7 5. Nge2 e6 6. Nf4 b4 7. Nce2 Nf6 8. d3
d5 9. f3 Nc6 10. O-O Be7 11. c3 a5 12. d4 O-O 13. e5 Nd7 14. Bh3 Re8 15. Nxe6
fxe6 16. Bxe6+ Kh8 17. Bxd5 cxd4 18. cxd4 Nxd4 19. Bxb7 Nxe2+ 20. Kg2 Ra7 21.
Bc6 Nxc1 22. e6 Nf8 23. Bxe8 Qxe8 24. Rxc1 Bf6 25. Qd6 Re7 26. Rfe1 Nxe6 27.
Qa6 Nd8 28. Rxe7 Qxe7 29. Rc2 h6 30. h4 Qe5 31. Re2 Qd5 32. b3 Kh7 33. Kf2 Nc6
34. Re8 Ne5 35. Qe2 Nd3+ 36. Kg2 Bc3 37. Qe4+ Qxe4 38. fxe4 Nc1 39. e5 Kg6 40.
e6 Kf6 41. e7 Nxa2 42. Ra8 Kxe7 43. Rxa5 Nc1 44. g4 Nxb3 45. Ra7+ Ke6 46. Kf3
Nc5 47. Ra5 Kd5 48. Rb5 Kc4 49. Rb8 b3 50. Ke2 Bb4 51. Kd1 Ne4 52. Rc8+ Kd3 53.
Rd8+ Kc3 54. Rc8+ Bc5 55. Rb8 b2 56. Rb5 Bb4 57. Rxb4 Kxb4 0-1

[Event "2nd International Chess Festiv"]
[Site "Paracin"]
[Date "2009.08.20"]
[Round "3.25"]
[White "Dudukovic, Nikola"]
[Black "Bulatovic, Ilija"]
[Result "1-0"]
[WhiteElo "2260"]
[BlackElo "1975"]
[PlyCount "48"]
[EventDate "2009.08.19"]

1. e4 c5 2. Nf3 d6 3. d4 cxd4 4. Nxd4 Nf6 5. Nc3 a6 6. f3 e5 7. Nb3 Be6 8. Be3
Nbd7 9. Qd2 b5 10. O-O-O Be7 11. g4 Qc7 12. g5 Nh5 13. Nd5 Bxd5 14. exd5 O-O
15. Rg1 Rfb8 16. Na5 Rc8 17. Nc6 Nb8 18. Nxe7+ Qxe7 19. Rg4 Nd7 20. Kb1 Nc5 21.
Rh4 g6 22. Bh3 Rc7 23. Qg2 f5 24. gxf6 Qxf6 1-0

[Event "2nd International Chess Festiv"]
[Site "Paracin"]
[Date "2009.08.20"]
[Round "3.26"]
[White "Tausanov, Mihail"]
[Black "Sarenac, David"]
[Result "0-1"]
[WhiteElo "1914"]
[BlackElo "2227"]
[PlyCount "68"]
[EventDate "2009.08.19"]

1. Nf3 d5 2. c4 e6 3. g3 c5 4. Bg2 Nc6 5. cxd5 exd5 6. O-O Nf6 7. d4 Be7 8. Nc3
O-O 9. Bg5 c4 10. Ne5 Be6 11. Rc1 h6 12. Be3 Qa5 13. Qd2 Rfd8 14. Nxc6 bxc6 15.
Nxd5 Rxd5 16. Bxd5 Qxd5 17. f3 Bh3 18. Rfd1 Re8 19. Bf2 Ne4 20. Qc2 Nxf2 21.
Kxf2 Bg5 22. e4 Qd6 23. e5 Qd5 24. f4 Bd8 25. Ke3 c5 26. Qxc4 cxd4+ 27. Rxd4
Qg2 28. Rc2 Qg1+ 29. Kd2 Bb6 30. Rd6 Rc8 31. Qe4 Be3+ 32. Kd3 Bf1+ 33. Re2
Bxe2+ 34. Kxe2 Qf2+ 0-1

[Event "2nd International Chess Festiv"]
[Site "Paracin"]
[Date "2009.08.20"]
[Round "3.27"]
[White "Bozilov, Dragan"]
[Black "Stojkovic, Miroljub"]
[Result "0-1"]
[WhiteElo "1830"]
[BlackElo "2226"]
[PlyCount "46"]
[EventDate "2009.08.19"]

1. e4 c6 2. d4 d5 3. e5 c5 4. dxc5 Nc6 5. Nf3 Bg4 6. Bb5 Qa5+ 7. Nc3 a6 8.
Bxc6+ bxc6 9. h3 Bxf3 10. Qxf3 e6 11. a3 Qxc5 12. Be3 Qa5 13. O-O Ne7 14. b4
Qc7 15. Bf4 Ng6 16. Ne2 Nxe5 17. Qg3 Bd6 18. Qxg7 O-O-O 19. Qf6 Rhg8 20. Bg3
Nc4 21. Bxd6 Nxd6 22. a4 Ne4 23. Qh4 Nd2 0-1

[Event "2nd International Chess Festiv"]
[Site "Paracin"]
[Date "2009.08.20"]
[Round "3.29"]
[White "Maljevic, Aleksa"]
[Black "Cvetanovic, Uros"]
[Result "0-1"]
[WhiteElo "1687"]
[BlackElo "2164"]
[PlyCount "102"]
[EventDate "2009.08.19"]

1. e4 c5 2. Nf3 e6 3. d4 cxd4 4. Nxd4 a6 5. Nc3 Qc7 6. Bd3 Nf6 7. O-O b5 8. a3
Bb7 9. Be3 Bc5 10. Qe2 Qb6 11. Nf3 Bxe3 12. Qxe3 Qxe3 13. fxe3 Nc6 14. Nd4 Ne5
15. Rac1 Rc8 16. Rf2 d6 17. Nf3 Nc4 18. Bxc4 Rxc4 19. Nd2 Rc7 20. Kf1 Ng4 21.
Re2 Nxh2+ 22. Kf2 Ng4+ 23. Kg1 Ne5 24. Rf2 Nc4 25. Nxc4 Rxc4 26. Rf4 g5 27. Rg4
f6 28. Kf2 h5 29. Rg3 Bxe4 30. Nxe4 Rxe4 31. Rh1 Kf7 32. Ke2 Kg6 33. Rf3 Rc8
34. Rc1 f5 35. Rff1 Rc5 36. Kf2 Rd5 37. Rfd1 Ree5 38. c3 Rxd1 39. Rxd1 Rd5 40.
Re1 Rd2+ 41. Re2 Rxe2+ 42. Kxe2 d5 43. Kf3 e5 44. Ke2 h4 45. Kf3 g4+ 46. Kf2 f4
47. exf4 exf4 48. Ke2 Kf5 49. Kf2 Ke4 50. b3 h3 51. gxh3 gxh3 0-1

[Event "2nd International Chess Festiv"]
[Site "Paracin"]
[Date "2009.08.20"]
[Round "3.30"]
[White "Milenkovic, Blagoje"]
[Black "Milosavljevic, Milica"]
[Result "1-0"]
[WhiteElo "2155"]
[BlackElo "1786"]
[Annotator ",compaq"]
[PlyCount "139"]
[EventDate "2009.08.19"]

1. d4 Nf6 2. c4 g6 3. Nc3 Bg7 4. Bf4 d6 5. Nf3 O-O 6. e3 Nbd7 7. Be2 c5 8. O-O
b6 9. Rc1 Bb7 10. d5 Ng4 11. Qd2 Nge5 12. Nxe5 Nxe5 13. e4 Bc8 14. f3 Rb8 15.
Bg3 a6 16. a4 Qc7 17. h3 f5 18. Rfe1 Bd7 19. f4 Nf7 20. exf5 Bxf5 21. Bd3 Nh6
22. Ne4 Bxe4 23. Bxe4 Nf5 24. Bxf5 Rxf5 25. Re4 Rf7 26. Qe2 Bf6 27. b3 Qd7 $11
28. Kh2 b5 29. axb5 axb5 30. Re6 bxc4 31. bxc4 Rb4 32. Re1 Qa4 33. Re4 Rb2 34.
Qf1 Qa2 35. R1e2 Rxe2 36. Qxe2 Qxe2 37. Rxe2 Rf8 38. Bf2 Rb8 39. g4 Rb2 40.
Rxb2 Bxb2 41. Kg3 Kf7 42. Kf3 h6 43. Ke4 Kf6 44. h4 Bc3 45. g5+ hxg5 46. hxg5+
Kf7 47. Be3 Bb4 48. f5 Bc3 49. Bf4 Bb4 50. Bc1 Bc3 51. Kf4 Ba1 52. Bd2 Bb2 53.
Ba5 Bg7 54. Bc7 Bf8 55. fxg6+ Kxg6 56. Bd8 Kf7 57. Kf5 Bg7 58. Ba5 Be5 59. g6+
Kf8 60. Ke6 Ke8 61. Bd2 Bg7 62. Bg5 Bf8 63. Bxe7 Bg7 64. Bxd6 Bd4 65. Bxc5 Bg7
66. Bd6 Bh6 67. c5 Bg7 68. Be7 Bd4 69. d6 Bxc5 70. d7# 1-0